Gangharana art in Pakistan : (Record no. 135236)

MARC details
000 -LEADER
fixed length control field 00684nam a22002297a 4500
005 - DATE AND TIME OF LATEST TRANSACTION
control field 20170124110242.0
010 ## - LIBRARY OF CONGRESS CONTROL NUMBER
LC control number 128853
020 ## - INTERNATIONAL STANDARD BOOK NUMBER
Terms of availability 00.00
035 ## - SYSTEM CONTROL NUMBER
System control number 128853
037 ## - SOURCE OF ACQUISITION
Source of stock number/acquisition Cen Lib/Ret
040 ## - CATALOGING SOURCE
Original cataloging agency DPL
Language of cataloging EN
082 ## - DEWEY DECIMAL CLASSIFICATION NUMBER
Classification number 732
Item number ING
100 ## - MAIN ENTRY--PERSONAL NAME
Personal name Ingholt, Harald
9 (RLIN) 95439
245 ## - TITLE STATEMENT
Title Gangharana art in Pakistan :
Statement of responsibility, etc by Harald Ingholt ; illustrated by Islay Lyons
Remainder of title with 577 illustration /
260 ## - PUBLICATION, DISTRIBUTION, ETC. (IMPRINT)
Place of publication, distribution, etc New York
Name of publisher, distributor, etc Pantheon Books
Date of publication, distribution, etc 1957
270 ## - ADDRESS
City New York
300 ## - PHYSICAL DESCRIPTION
Extent 577p.
Dimensions 27cm(Hb)
Other physical details ill.
500 ## - GENERAL NOTE
General note Includes bibiographical references
650 ## - SUBJECT ADDED ENTRY--TOPICAL TERM
Topical term or geographic name as entry element Art, Pakistan
9 (RLIN) 95440
700 ## - ADDED ENTRY--PERSONAL NAME
Personal name Lyons, Islay
9 (RLIN) 95441
942 ## - ADDED ENTRY ELEMENTS (KOHA)
Source of classification or shelving scheme Dewey Decimal Classification
Koha item type English Books
Classification part 759.954
Call number suffix RAN
Holdings
Withdrawn status Lost status Damaged status Not for loan Collection code Home library Current library Date acquired Source of acquisition Cost, normal purchase price Total Checkouts Full call number Barcode Date last seen Copy number Cost, replacement price Price effective from Koha item type
      Not For Loan Reference Central Library Central Library 03/10/2015 Cen Lib/Ret 0.00   732 ING 128853 03/10/2015 1 0.00 03/10/2015 English Books

© Delhi Public Library
Hit Counter
free hit counter